00620nam a22002171 450000100070000000500170000700800410002401000170006504000180008204100080010008000140010808200140012210000070013610100080014324500340015150400300018590600450021594200120026099900170027295201130028975273020180213033910.0711012s1966 nyu b 000 0 eng  a 66011015  aDLCcDLCdDLC aeng a157.9 HAL00a157.9 HAL1 a49 aPSI14aThe faith of the counsellors; aBibliography: p. 201-211. a7bcbccorignewdueocipf19gy-gencatlg 2ddccBK c42338d42338 00102udc40708PËKGa002b002cPËKGd2018-02-13l0o157.9 HALp002-2998595r2018-02-13w2018-02-13yBK